000 00791cam a22002657a 4500
003 CHAP
005 20220329141433.0
008 971013s r 00010 d
010 _a68100
011 _a69072
035 _a78546
040 _cCHAP
090 _aR-2531
100 0 0 _aHaslett, A. N.
_953037
245 0 _aCorrect moisture content essential for successful furniture export
500 _aSobretiro de: Furniture. September: 10,13, 1983.
590 _aBATCH-UPD
_b10
_c20130110
_lUCH01
_h0440
590 _aBATCH-UPD
_b10
_c20130110
_lUCH01
_h2326
590 _aCONVERSION
_b10
_c20130109
_lUCH01
_h1337
650 1 4 _aMadera
_xHumedad.
_969610
700 0 _aKininmonth, J. A.
_963305
901 _aBK
942 _cLIBRO
949 _aR-2531
_bBC
_cLIBRO
_d-31420
_eLIBRO
_i78546
_si
999 _c68100
_d68100